Computer system for measurement of welding process parameters; Metrology for a Sustainable Development

Podrobná bibliografie
Parent link:Metrology for a Sustainable Development.— 2006.— [4 p.]
Hlavní autor: Muravyov (Murav’ev) S. V. Sergey Vasilyevich
Korporativní autor: Национальный исследовательский Томский политехнический университет (ТПУ) Институт кибернетики (ИК) Кафедра компьютерных измерительных систем и метрологии (КИСМ)
Další autoři: Borikov V. N. Valery Nikolaevich, Kaysanov S. A. Stanislav
Shrnutí:Title screen
This paper presents both hardware and software of system for measurement of welding process electric parameters. The distinctive feature of the system is its application for control of the process of high-quality contact micro-welding of critical destination products which is characterized by the pulse current in the range from 100 A to 20kA and by the pulse duration from a few to hundreds of milliseconds. The system is portable and consists of the measuring coaxial shunt, oscillograph and computer with a software. Structure and main principles of constructing the system components are described. Its technical and metrological parameters are given
Jazyk:angličtina
Vydáno: 2006
Témata:
On-line přístup:https://www.imeko.org/publications/wc-2006/PWC-2006-TC4-062u.pdf
Médium: MixedMaterials Elektronický zdroj Kapitola
KOHA link:https://koha.lib.tpu.ru/cgi-bin/koha/opac-detail.pl?biblionumber=666472

MARC

LEADER 00000naa0a2200000 4500
001 666472
005 20250818152503.0
035 |a (RuTPU)RU\TPU\network\37676 
035 |a RU\TPU\network\37673 
090 |a 666472 
100 |a 20211227d2006 k y0engy50 ba 
101 0 |a eng 
135 |a drcn ---uucaa 
181 0 |a i  
182 0 |a b 
200 1 |a Computer system for measurement of welding process parameters  |f S. V. Muravyov (Murav’ev), V. N. Borikov, S. A. Kaysanov 
203 |a Text  |c electronic 
300 |a Title screen 
320 |a [References: 8 tit.] 
330 |a This paper presents both hardware and software of system for measurement of welding process electric parameters. The distinctive feature of the system is its application for control of the process of high-quality contact micro-welding of critical destination products which is characterized by the pulse current in the range from 100 A to 20kA and by the pulse duration from a few to hundreds of milliseconds. The system is portable and consists of the measuring coaxial shunt, oscillograph and computer with a software. Structure and main principles of constructing the system components are described. Its technical and metrological parameters are given 
463 |t Metrology for a Sustainable Development  |o Proceedings of the 18th IMEKO World Congress, September 17-22, 2006, Rio de Janeiro, Brazil  |v [4 p.]  |d 2006 
610 1 |a электронный ресурс 
610 1 |a труды учёных ТПУ 
610 1 |a measuring shunt 
610 1 |a pulse current 
610 1 |a welding 
700 1 |a Muravyov (Murav’ev)  |b S. V.  |c specialist in the field of control and measurement equipment  |c Professor of Tomsk Polytechnic University,Doctor of technical sciences  |f 1954-  |g Sergey Vasilyevich  |3 (RuTPU)RU\TPU\pers\31262  |9 15440 
701 1 |a Borikov  |b V. N.  |c specialist in the field of mechanical engineering  |c Associate Professor of Tomsk Polytechnic University, Candidate of technical sciences  |f 1963-  |g Valery Nikolaevich  |3 (RuTPU)RU\TPU\pers\31240  |9 15435 
701 1 |a Kaysanov  |b S. A.  |g Stanislav 
712 0 2 |a Национальный исследовательский Томский политехнический университет (ТПУ)  |b Институт кибернетики (ИК)  |b Кафедра компьютерных измерительных систем и метрологии (КИСМ)  |3 (RuTPU)RU\TPU\col\18706 
801 2 |a RU  |b 63413507  |c 20211227  |g RCR 
856 4 |u https://www.imeko.org/publications/wc-2006/PWC-2006-TC4-062u.pdf 
942 |c CF